R. Gupta's popular master guide LLB entrance examination (Record no. 60721)

MARC details
000 -LEADER
fixed length control field 00809nam a22002177a 4500
003 - CONTROL NUMBER IDENTIFIER
control field dpl
005 - DATE AND TIME OF LATEST TRANSACTION
control field 20120111142616.0
008 - FIXED-LENGTH DATA ELEMENTS--GENERAL INFORMATION
fixed length control field 090604t xxu||||| |||| 00| 0 eng d
020 ## - INTERNATIONAL STANDARD BOOK NUMBER
Terms of availability Rs 315.00
035 ## - SYSTEM CONTROL NUMBER
System control number B-223157
037 ## - SOURCE OF ACQUISITION
Source of stock number/acquisition RP-Satya N-17 / UBH-07-08:2 / RP-07-08:ENG
040 ## - CATALOGING SOURCE
Transcribing agency dpl
082 ## - DEWEY DECIMAL CLASSIFICATION NUMBER
Classification number 000
100 ## - MAIN ENTRY--PERSONAL NAME
Personal name Gyan Prakash
9 (RLIN) 38939
245 ## - TITLE STATEMENT
Title R. Gupta's popular master guide LLB entrance examination
Statement of responsibility, etc by Gyan Prakash
260 ## - PUBLICATION, DISTRIBUTION, ETC. (IMPRINT)
Place of publication, distribution, etc New Delhi
Name of publisher, distributor, etc Ramesh Publishing House
Date of publication, distribution, etc 2008
270 ## - ADDRESS
Address 12-H, New Daryaganj Raod, Opp. Traffic Kotwali
City New Delhi
State or province Delhi
Postal code 110002
Telephone number 23261567
Fax number 011-23275124
300 ## - PHYSICAL DESCRIPTION
Extent Various pagings
Dimensions 24 cm (pbk)
942 ## - ADDED ENTRY ELEMENTS (KOHA)
Institution code [OBSOLETE] dpl
Koha item type English Books
Source of classification or shelving scheme Dewey Decimal Classification
Classification part 000
Call number suffix GYA
Holdings
Withdrawn status Lost status Source of classification or shelving scheme Damaged status Not for loan Collection code Home library Current library Shelving location Date acquired Cost, normal purchase price Total Checkouts Full call number Barcode Date last seen Cost, replacement price Price effective from Koha item type
    Dewey Decimal Classification     Non-fiction Sarojini Nagar Sarojini Nagar General Stacks 11/01/2012 315.00   000 GYA B-223157 11/01/2012 315.00 11/01/2012 English Books

© Delhi Public Library
Hit Counter
free hit counter